000 02573nam a22005057a 4500
003 CHAP
005 20220329143812.0
008 111104s2009 mx r 00010 spa d
010 _a102075
011 _a103047
035 _a113736
040 _cCHAP
090 _aCD-380
245 0 0 _aMéxico a través de los siglos [Disco compacto]
_c/por Alfredo Chavero ...[et al.] ; compilado por Francisco Rofer
260 _aMéxico, D.F. :
_bEditorial del Valle de México
_c2009
300 _a6 discos compactos :
_bcol.
_c4 3/4 plg.
505 0 _av.1 Primera época. Historia antigua .-- v.2 El Virreynato .-- v.3 La independencia .-- v.4 México independiente .-- v.5 La reforma .-- v.6 Porfiriato. La revolución y época actual
590 _aBATCH-UPD
_b10
_c20130110
_lUCH01
_h0902
590 _aBATCH-UPD
_b10
_c20130410
_lUCH01
_h0530
590 _aBATCH-UPD
_b10
_c20130914
_lUCH01
_h0919
590 _aCONVERSION
_b10
_c20130109
_lUCH01
_h1356
650 0 4 _aMéxico
_xHistoria
_xBibliografía.
_976753
700 0 _aRofer, Francisco
_ecomp.
_999047
700 1 _aChavero, Alfredo.
_922058
901 _aBK
942 _cCD
949 _aCD-380
_bBC
_cCD
_d33724002311389
_eCD
_fv.3
_gDonaciØn
_i113736
_sb
949 _aCD-380
_bBC
_cCD
_d33724002311397
_eCD
_fv.1
_gDonaciØn
_i113736
_sb
949 _aCD-380
_bBC
_cCD
_d33724002311421
_eCD
_fv.4
_gDonaciØn
_i113736
_sb
949 _aCD-380
_bBC
_cCD
_d33724002311439
_eCD
_fv.2
_gDonaciØn
_i113736
_sb
949 _aCD-380
_bBC
_cCD
_d33724002311462
_eCD
_fv.6
_gDonaciØn
_i113736
_st
949 _aCD-380
_bBC
_cCD
_d33724002311470
_eCD
_fv.5
_gDonaciØn
_i113736
_sb
949 _aCD-380
_bBC
_cCD
_d33724002311504
_eCD
_fv.5 c.3
_gDonaciØn
_i113736
_sb
949 _aCD-380
_bBC
_cCD
_d33724002311512
_eCD
_fv.6 c.3
_gDonaciØn
_i113736
_st
949 _aCD-380
_bBC
_cCD
_d33724002311553
_eCD
_fv.4 c.3
_gDonaciØn
_i113736
_sb
949 _aCD-380
_bBC
_cCD
_d33724002311595
_eCD
_fv.3 c.3
_gDonaciØn
_i113736
_sb
949 _aCD-380
_bBC
_cCD
_d33724002311637
_eCD
_fv.2 c.3
_gDonaciØn
_i113736
_sb
949 _aCD-380
_bBC
_cCD
_d33724002311678
_eCD
_fv.1 c.3
_gDonaciØn
_i113736
_sb
949 _aCD-380
_bBC
_cCD
_d33724002311793
_eCD
_fv.1 c.2
_gDonaciØn
_i113736
_sb
949 _aCD-380
_bBC
_cCD
_d33724002311835
_eCD
_fv.2 c.2
_gDonaciØn
_i113736
_sb
949 _aCD-380
_bBC
_cCD
_d33724002311876
_eCD
_fv.4 c.2
_gDonaciØn
_i113736
_sb
949 _aCD-380
_bBC
_cCD
_d33724002311918
_eCD
_fv.3 c.2
_gDonaciØn
_i113736
_sb
949 _aCD-380
_bBC
_cCD
_d33724002311959
_eCD
_fv.6 c.2
_gDonaciØn
_i113736
_st
949 _aCD-380
_bBC
_cCD
_d33724002311991
_eCD
_fv.5 c.2
_gDonaciØn
_i113736
_sb
999 _c102075
_d102075